[Event "Australian-ch 2018"]
[Site "Sydney"]
[Date "2018.01.06"]
[Round "6"]
[White "Puccini, Jack"]
[Black "Morris, James"]
[Result "0-1"]
[WhiteElo "2278"]
[BlackElo "2477"]
[Annotator "TA"]
[PlyCount "80"]
[EventDate "2018.01.02"]
[EventType "tourn"]
[EventCountry "AUS"]
[SourceTitle "playchess.com"]
[Source "ChessBase"]
[SourceQuality "1"]

{[%evp 26,80,37,24,79,66,50,0,0,0,0,0,35,0,0,0,0,-95,-72,-89,-67,-70,-70,-54,-59,-62,-64,-80,-91,-188,-179,-184,-170,-156,-186,-171,-108,-456,-181,-739,-503,-492,-360,-652,-652,-652,-652,-652,-652,-1236,-1147,-1102,-1060,-29973,-29950,-29975,-29970]} 1. e4 e5 2. Nf3 Nc6 3. d4 exd4 4. Nxd4 Nf6 5. Nxc6 bxc6 6. e5 Qe7 7. Qe2 Nd5 8. c4 Ba6 9. Nd2 g6 10. Nf3 {C45: Scotch Game} Qb4+ 11. Kd1 Nb6 12. b3 Bg7 13. Qd2 Qe7 14. Bb2 {[#] LiveBook: 4 Games} O-O-O $146 (14... O-O $11 {remains equal.}) ({Predecessor:} 14... O-O 15. Kc2 c5 16. h4 d5 17. exd6 Qxd6 18. Bxg7 Qxd2+ 19. Nxd2 Kxg7 {1-0 (39) Nepomniachtchi,I (2720)-Svidler,P (2722) Moscow 2010}) 15. Qa5 Bb7 16. c5 ({Much weaker is} 16. Qxa7 d6 $11) 16... d6 $1 {[%cal Rd6e5]} 17. cxb6 dxe5+ 18. Kc2 axb6 19. Qc3 {[%cal Rf3e5]} e4 $1 20. Ne5 Rd5 {[%cal Rd5e5]} 21. Nxc6 (21. Nxg6 $1 $11 Qc5 22. Qxc5 Rxc5+ 23. Bc4 Bxb2 24. Nxh8 (24. Kxb2 fxg6 25. Rae1 Rf8 $17) 24... Bxa1 25. Rxa1) 21... Qc5 $36 {[%mdl 2048] Black is really pushing.} 22. Ne7+ Kd7 23. Nxd5 Bxc3 24. Nxc3 Qxf2+ 25. Be2 f5 $1 ({Reject} 25... Qxg2 $6 26. Rag1 $16) 26. Rad1+ {[#]} Kc8 $1 27. Rhg1 (27. Bc1 $17) 27... Ba6 $19 28. Kb1 Bxe2 29. Nxe2 {[#]} Rd8 $1 {[%cal Rd8d1]} 30. Nd4 e3 (30... Kb7 $19 31. Rdf1 Qh4) 31. Rge1 $2 {[%mdl 8192]} (31. Rc1 $17 {is more resistant.}) 31... c5 $2 (31... f4 32. Rc1 Qxg2) 32. Nc2 $2 (32. Rc1) 32... Rxd1+ 33. Rxd1 f4 34. b4 $2 (34. Ne1 e2 35. Rc1) 34... e2 35. Rc1 Qxg2 36. bxc5 bxc5 37. Ne1 Qe4+ 38. Ka1 f3 39. Rxc5+ Kd7 40. Nxf3 Qxf3 {Precision: White = 24%, Black = 59%.} 0-1

[Event "Australian-ch 2018"]
[Site "Sydney"]
[Date "2018.01.06"]
[Round "6"]
[White "Zhang, Jilin"]
[Black "Brown, Andrew"]
[Result "0-1"]
[WhiteElo "2267"]
[BlackElo "2293"]
[Annotator "ChessBase"]
[PlyCount "90"]
[EventDate "2018.01.02"]
[EventType "tourn"]
[EventCountry "AUS"]
[SourceTitle "playchess.com"]
[Source "ChessBase"]
[SourceQuality "1"]
[TimeControl "40/5400+30:1800+30"]

1. e4 {[%emt 0:00:00]} e5 {[%emt 0:00:15]} 2. Nf3 {[%emt 0:00:00]} Nc6 {[%emt 0:00:08]} 3. d4 {[%emt 0:00:32]} exd4 {[%emt 0:00:08]} 4. Nxd4 {[%emt 0:00:04]} Bc5 {[%emt 0:00:20]} 5. Be3 {[%emt 0:00:39]} Qf6 {[%emt 0:00:22]} 6. c3 {[%emt 0:00:08]} Nge7 {[%emt 0:00:18]} 7. g3 {[%emt 0:01:35]} h5 {[%emt 0:00:51]} 8. h3 {[%emt 0:10:44]} d5 {[%emt 0:08:37]} 9. Bg2 {[%emt 0:02:44]} Bxd4 {[%emt 0:01:00]} 10. cxd4 {[%emt 0:01:01]} dxe4 {[%emt 0:00:21]} 11. Nc3 {[%emt 0:06:19]} Bf5 {[%emt 0:05:37]} 12. Nxe4 {[%emt 0:06:59]} Bxe4 {[%emt 0:00:32]} 13. Bxe4 {[%emt 0:00:02]} O-O-O {[%emt 0:01:12]} 14. Qa4 {[%emt 0:05:22]} Nd5 {[%emt 0:09:59]} 15. O-O-O {[%emt 0:07:01]} Rhe8 {[%emt 0:12:05]} 16. Bc2 {[%emt 0:01:59]} Nxe3 {[%emt 0:11:03]} 17. fxe3 {[%emt 0:00:10]} Qg5 {[%emt 0:05:53]} 18. Kb1 {[%emt 0:04:48]} Rxe3 {[%emt 0:04:50]} 19. Rhf1 {[%emt 0:04:31]} Rxg3 {[%emt 0:18:43]} 20. Be4 {[%emt 0:17:39]} Kb8 {[%emt 0:13:59]} 21. Rf5 {[%emt 0:03:20]} Qg6 {[%emt 0:01:07]} 22. d5 {[%emt 0:20:45]} Qd6 {[%emt 0:00:30]} 23. Rxh5 {[%emt 0:03:17]} Ne5 {[%emt 0:02:22]} 24. Qd4 {[%emt 0:01:09]} f6 {[%emt 0:01:01]} 25. Qf2 {[%emt 0:00:15]} Nc4 {[%emt 0:01:07]} 26. Bc2 {[%emt 0:00:59]} Qb6 {[%emt 0:00:33]} 27. Qxb6 {[%emt 0:00:46]} axb6 {[%emt 0:00:11]} 28. h4 {[%emt 0:00:37]} Ne3 {[%emt 0:00:28]} 29. Re1 {[%emt 0:00:05]} Rxd5 {[%emt 0:00:45]} 30. Rh8+ {[%emt 0:00:45]} Ka7 {[%emt 0:00:05]} 31. Be4 {[%emt 0:00:15]} Rd4 {[%emt 0:00:49]} 32. Re8 {[%emt 0:00:15]} Nc4 {[%emt 0:00:39]} 33. Re7 {[%emt 0:00:25]} Nd2+ {[%emt 0:00:30]} 34. Kc2 {[%emt 0:00:21]} Nxe4 {[%emt 0:00:14]} 35. R1xe4 {[%emt 0:00:02]} Rxe4 {[%emt 0:00:32]} 36. Rxe4 {[%emt 0:00:01]} b5 {[%emt 0:00:17]} 37. Re7 {[%emt 0:00:43]} Kb6 {[%emt 0:00:11]} 38. h5 {[%emt 0:00:16]} Kc6 {[%emt 0:00:20]} 39. Rf7 {[%emt 0:00:11]} Rh3 {[%emt 0:00:59]} 40. Rxg7 {[%emt 0:00:07]} Rxh5 {[%emt 0:30:05]} 41. Rf7 {[%emt 0:30:02]} Rf5 {[%emt 0:00:51]} 42. Kc3 {[%emt 0:01:32]} Rf3+ {[%emt 0:00:31]} 43. Kc2 {[%emt 0:00:31]} b4 {[%emt 0:00:48]} 44. Rf8 {[%emt 0:00:00]} Kb5 {[%emt 0:00:00]} 45. Rf7 {[%emt 0:00:00]} Kb6 {[%emt 0:00:00]} 0-1

[Event "Australian-ch 2018"]
[Site "Sydney"]
[Date "2018.01.06"]
[Round "6"]
[White "Nakauchi, Gene"]
[Black "Izzat, Kanan"]
[Result "0-1"]
[WhiteElo "2208"]
[BlackElo "2487"]
[Annotator "TA"]
[PlyCount "84"]
[EventDate "2018.01.02"]
[EventType "tourn"]
[EventCountry "AUS"]
[SourceTitle "playchess.com"]
[Source "ChessBase"]
[SourceQuality "1"]

{[%evp 16,83,-27,-18,11,10,0,-66,-64,-64,-70,-107,-93,-102,-50,-123,-110,-127,-97,-151,-142,-169,-162,-189,-196,-195,-191,-185,-161,-541,-190,-211,-221,-220,-162,-156,-162,-215,-220,-204,-198,-509,-437,-792,-805,-695,-692,-691,-693,-672,-660,-679,-673,-654,-615,-672,-661,-664,-650,-908,-822,-900,-862,-29970,-29970,-29981,-29982,-29988,-29989,-29999]} 1. d4 Nf6 2. c4 e6 3. Nc3 Bb4 4. e3 O-O 5. Bd3 c5 6. Nf3 b6 7. O-O Bb7 8. a3 Bxc3 9. bxc3 Bxf3 {E43: Nimzo-Indian: Rubinstein: 4...b6} (9... Be4 10. a4 Nc6 11. Be2 Na5 12. Nd2 Bg6 13. Ba3 Qc7 14. Nb3 Ne4 15. Nxa5 Nxc3 16. Qe1 Nxe2+ 17. Qxe2 bxa5 18. Bxc5 {0-1 (56) Pardo Simon,D (2477)-Klein,D (2489) Netherlands 2017}) 10. Qxf3 Nc6 11. e4 $146 ({Better is} 11. Qe2 $11) ({Predecessor:} 11. Qg3 d6 12. Rd1 Rc8 13. Rb1 Qe7 14. f3 Rfe8 15. dxc5 dxc5 16. e4 e5 17. Bh6 Qf8 18. Bg5 Re6 19. Rd2 Rd8 20. Qe1 Red6 21. Rbd1 Qe7 22. Bf1 h6 23. Be3 Rxd2 {½-½ (23) Ilken,Z (2200)-Geissler,W (2323) ICCF email 2006}) 11... cxd4 $15 {Black is slightly better.} 12. cxd4 Nxd4 13. Qe3 e5 14. Bb2 Nc6 (14... Nb3 $17 15. Rab1 Nc5) 15. f4 (15. c5 $15) 15... Qe7 16. fxe5 Nxe5 17. Qg3 (17. a4 $142) 17... d6 18. Rf5 Nfd7 19. c5 bxc5 20. Bc4 Rab8 21. Bc3 g6 22. Rh5 $2 {[#]} (22. Ba2 {is more resistant.}) 22... Kh8 $2 (22... Nxc4 23. Rxh7 Nde5) 23. Rh6 f6 24. Ba2 Qg7 25. Rh3 c4 26. Rd1 (26. Qe3 {keeps fighting.}) 26... Nc5 $19 {[%cal Bd7c5,Bc5e4,Be4c3,Bc3e2][%mdl 32]} 27. Qe3 Qb7 28. Rxd6 $2 (28. Re1) 28... Nxe4 29. Rd1 (29. Rd4 $142 Nxc3 30. Qxc3) 29... Ng4 30. Qf3 Nxc3 31. Qxb7 {[%csl Gh3][%cal Rb7h7] [#]} Ne2+ 32. Kf1 {[%csl Gh3][%cal Rb7h7]} Rxb7 33. Bxc4 Nf4 34. Rg3 Ne5 35. Be2 Nxe2 36. Kxe2 Rb2+ 37. Kf1 Rc8 38. h3 h5 39. Re3 Rcc2 {Black mates.} 40. Rd6 Rf2+ 41. Ke1 Rxg2 {[%cal Rg2g1]} 42. Rxf6 Rb1# {Precision: White = 16%, Black = 63%.} 0-1

[Event "Australian-ch 2018"]
[Site "Sydney"]
[Date "2018.01.06"]
[Round "6"]
[White "Loh, Zachary"]
[Black "Guichard, Pauline"]
[Result "0-1"]
[WhiteElo "2193"]
[BlackElo "2269"]
[Annotator "ChessBase"]
[PlyCount "92"]
[EventDate "2018.01.02"]
[EventType "tourn"]
[EventCountry "AUS"]
[SourceTitle "playchess.com"]
[Source "ChessBase"]
[SourceQuality "1"]
[TimeControl "40/5400+30:1800+30"]

1. e4 e5 2. Nf3 Nc6 3. d4 exd4 4. Nxd4 g6 5. Be3 Bg7 6. Nc3 Nf6 7. Nxc6 bxc6 8. e5 Ng8 9. f4 Ne7 10. Bc4 d5 11. exd6 cxd6 12. Bd4 O-O 13. Bxg7 Kxg7 14. Qd4+ f6 15. O-O-O d5 16. Bb3 Nf5 17. Qd2 Nd6 18. h3 Bf5 19. g4 Ne4 20. Qe3 Nxc3 21. Qxc3 Be4 22. Rhe1 Qc7 23. Rf1 Rad8 24. g5 Kg8 25. Rde1 f5 26. h4 c5 27. a3 c4 28. Ba2 Rb8 29. h5 gxh5 30. b3 Qc5 31. b4 Qc7 32. Qd4 Rfd8 33. c3 a5 34. Rxe4 fxe4 35. f5 Qb6 36. Qe5 Qe3+ 37. Kb2 Qe2+ 38. Ka1 Qxf1+ 39. Bb1 Rb6 40. Qe7 Rf8 41. Qc5 Qxf5 42. Qxb6 Qxg5 43. b5 Qf6 44. Qe3 Kh8 45. Bc2 Rb8 46. Qh3 Qf3 0-1

[Event "Australian-ch 2018"]
[Site "Sydney"]
[Date "2018.01.06"]
[Round "6"]
[White "Reilly, Tim"]
[Black "O'Connell, Kevin J"]
[Result "1/2-1/2"]
[WhiteElo "2169"]
[BlackElo "2328"]
[Annotator "ChessBase"]
[PlyCount "54"]
[EventDate "2018.01.02"]
[EventType "tourn"]
[EventCountry "AUS"]
[SourceTitle "playchess.com"]
[Source "ChessBase"]
[SourceQuality "1"]
[TimeControl "40/5400+30:1800+30"]

1. d4 Nf6 2. c4 g6 3. Nc3 Bg7 4. e4 O-O 5. Be3 d6 6. f3 Nc6 7. Nge2 a6 8. Qd2 Rb8 9. h4 h5 10. O-O-O b5 11. Bh6 bxc4 12. g4 Kh7 13. Bxg7 Kxg7 14. Ng3 Rh8 15. Bxc4 e5 16. g5 Nd7 17. dxe5 Ndxe5 18. Be2 Rb4 19. Nd5 Ra4 20. Kb1 Be6 21. f4 Bxd5 22. exd5 Nd4 23. Qc3 Nxe2 24. Nxe2 Rc4 25. Qb3 Re4 26. Qc3 Rc4 27. Qb3 Re4 1/2-1/2

[Event "Australian-ch 2018"]
[Site "Sydney"]
[Date "2018.01.06"]
[Round "6"]
[White "McNamara, Gary"]
[Black "Willathgamuwa, Rowan"]
[Result "1/2-1/2"]
[WhiteElo "2134"]
[BlackElo "1980"]
[Annotator "ChessBase"]
[PlyCount "108"]
[EventDate "2018.01.02"]
[EventType "tourn"]
[EventCountry "AUS"]
[SourceTitle "playchess.com"]
[Source "ChessBase"]
[SourceQuality "1"]
[TimeControl "40/5400+30:1800+30"]

1. d4 d5 2. c4 c6 3. Nc3 Nf6 4. cxd5 cxd5 5. Bf4 e6 6. e3 Nc6 7. Bd3 Bd6 8. Bxd6 Qxd6 9. f4 O-O 10. Nf3 Nb4 11. Bb1 b6 12. a3 Nc6 13. b4 Bb7 14. O-O Rac8 15. Qd2 Ne7 16. Ne5 Ne4 17. Nxe4 dxe4 18. Ba2 Bd5 19. Rfc1 f6 20. Nc4 Qd7 21. Kf2 Rc7 22. Rc2 Rfc8 23. Rac1 Qa4 24. Rc3 Qc6 25. b5 Qd7 26. a4 Kf7 27. R1c2 Bxc4 28. Bxc4 Nd5 29. f5 Ke7 30. fxe6 Qxe6 31. Bxd5 Rxc3 32. Rxc3 Qxd5 33. Rxc8 Qf5+ 34. Kg3 Qxc8 35. Qb4+ Ke6 36. d5+ Kxd5 37. Qd4+ Ke6 38. Qxe4+ Kf7 39. Qxh7 Qc7+ 40. Kf3 Qc4 41. Qe4 Qf1+ 42. Kg4 Qd1+ 43. Kh3 Qe1 44. Qb7+ Kg6 45. Qe4+ Kf7 46. Qc4+ Kg6 47. Qg4+ Kf7 48. Qe4 g5 49. Qh7+ Ke6 50. Qe4+ Kf7 51. Qh7+ Ke6 52. Qe4+ Kf7 53. Kg4 Qd1+ 54. Kh3 Qe1 1/2-1/2

[Event "Australian-ch 2018"]
[Site "Sydney"]
[Date "2018.01.06"]
[Round "6"]
[White "Wright, Neil S"]
[Black "Hardegen, Andrew"]
[Result "0-1"]
[WhiteElo "2126"]
[BlackElo "1999"]
[Annotator "ChessBase"]
[PlyCount "86"]
[EventDate "2018.01.02"]
[EventType "tourn"]
[EventCountry "AUS"]
[SourceTitle "playchess.com"]
[Source "ChessBase"]
[SourceQuality "1"]
[TimeControl "40/5400+30:1800+30"]

1. e4 e6 2. d4 d5 3. Nd2 c5 4. exd5 exd5 5. Ngf3 Nf6 6. Bb5+ Bd7 7. Bxd7+ Nbxd7 8. O-O Be7 9. Re1 O-O 10. dxc5 Nxc5 11. Nb3 Nce4 12. Be3 a6 13. c3 Qd7 14. Nc1 Rfe8 15. Nd3 Bd6 16. Bf4 Bxf4 17. Nxf4 Qd6 18. Nd3 Rac8 19. Qb3 Ng4 20. h3 Nd2 21. hxg4 Nxb3 22. axb3 Re4 23. Nd4 Rce8 24. Rad1 Rxe1+ 25. Nxe1 Qf4 26. Ndf3 g6 27. g5 Re2 28. Kf1 Qe4 29. Nd3 Qe7 30. Nf4 Rxb2 31. Kg1 Kg7 32. Re1 Qd6 33. g3 Qb6 34. Nd4 h6 35. Nxd5 Qa5 36. Re5 Qa1+ 37. Kg2 Qa2 38. gxh6+ Kxh6 39. Ne3 Rxf2+ 40. Kg1 f5 41. g4 Rf4 42. Ne2 Re4 43. g5+ Kxg5 0-1

[Event "Australian-ch 2018"]
[Site "Sydney"]
[Date "2018.01.06"]
[Round "6"]
[White "Willathgamuwa, Kevin"]
[Black "Ferozkohi, Ihsan"]
[Result "0-1"]
[WhiteElo "2113"]
[BlackElo "2130"]
[Annotator "ChessBase"]
[PlyCount "156"]
[EventDate "2018.01.02"]
[EventType "tourn"]
[EventCountry "AUS"]
[SourceTitle "playchess.com"]
[Source "ChessBase"]
[SourceQuality "1"]
[TimeControl "40/5400+30:1800+30"]

1. e4 d5 2. exd5 Qxd5 3. Nc3 Qd6 4. d4 Nf6 5. Bd3 Nc6 6. Nge2 Bg4 7. f3 Bh5 8. Bf4 Qd7 9. Qd2 O-O-O 10. O-O-O e6 11. a3 Nxd4 12. Nxd4 Qxd4 13. Bxc7 Rd7 14. Nb5 Qc5 15. Bg3 a6 16. Qf4 Kd8 17. b4 Qc8 18. Na7 Qa8 19. Bf2 Bd6 20. Bb6+ Ke7 21. Qc4 Nd5 22. Bc5 b6 23. Bxd6+ Rxd6 24. Be4 Qxa7 25. Bxd5 Bg6 26. Be4 b5 27. Qc3 Rhd8 28. Rxd6 Rxd6 29. Bxg6 hxg6 30. Qxg7 Qe3+ 31. Kb2 Rd2 32. Qh8 e5 33. Qc8 Qd4+ 34. Kb1 Rxg2 35. Qxa6 Qc4 36. Rc1 Rxh2 37. Qb7+ Kf6 38. Qb6+ Kg7 39. Qc5 Qxc5 40. bxc5 Rh4 41. c4 bxc4 42. c6 Kf6 43. c7 Rh8 44. Rxc4 Rc8 45. Kc2 Ke6 46. Kd3 Kd6 47. Ra4 Rxc7 48. Ra6+ Rc6 49. Ra7 Ke6 50. a4 f6 51. Rb7 Kf5 52. Rb4 Rc1 53. Rg4 g5 54. Ke3 Ra1 55. Rb4 Ra3+ 56. Ke2 Ra2+ 57. Kd3 Ra1 58. Ke2 Kg6 59. Ke3 Rc1 60. Kd2 Rc6 61. a5 Kf5 62. Ke3 Rc3+ 63. Kf2 Ra3 64. Rb5 Ra4 65. Kg3 g4 66. fxg4+ Rxg4+ 67. Kf3 Ra4 68. Ke3 Ra3+ 69. Ke2 Kf4 70. Rb6 f5 71. a6 e4 72. Rh6 Ra2+ 73. Ke1 Ke5 74. Rb6 Kf4 75. Rh6 Kg4 76. Kf1 f4 77. Ke1 e3 78. Kf1 f3 0-1

[Event "Australian-ch 2018"]
[Site "Sydney"]
[Date "2018.01.06"]
[Round "6"]
[White "Winkelman, Albert"]
[Black "Yang, Ray"]
[Result "1/2-1/2"]
[WhiteElo "2017"]
[BlackElo "2003"]
[Annotator "NA"]
[PlyCount "158"]
[EventDate "2018.01.02"]
[EventType "tourn"]
[EventCountry "AUS"]
[SourceTitle "playchess.com"]
[Source "ChessBase"]
[SourceQuality "1"]
[TimeControl "40/5400+30:1800+30"]

1. e4 e6 2. d4 d5 3. Nd2 Nf6 4. e5 Nfd7 5. Bd3 c5 6. c3 Nc6 7. Ne2 cxd4 8. cxd4 f6 9. exf6 Nxf6 10. Nf3 Bd6 11. O-O Qc7 12. Bg5 O-O 13. Bh4 Nh5 14. Qc2 h6 15. Bh7+ Kh8 16. Bg6 Rxf3 17. Bxh5 Rf8 18. Bg3 Bd7 19. Rfe1 Rac8 20. Rac1 Bxg3 21. hxg3 Qd6 22. Qd2 Ne7 23. Nf4 Rxc1 24. Rxc1 g5 25. Nd3 Be8 26. Qe2 Kg7 27. Ne5 Bxh5 28. Qxh5 Rf6 29. f4 gxf4 30. gxf4 Qb6 31. Kh1 Rxf4 32. Rc3 Qxd4 33. Rg3+ Kh7 34. Nf3 Qf6 35. Ng5+ Kh8 36. Qe8+ Qf8 37. Qxf8+ Rxf8 38. Nxe6 Rf6 39. Nd4 Rf1+ 40. Kh2 Nf5 41. Nxf5 Rxf5 42. Rg6 Kh7 43. Rd6 b6 44. Kg3 Kg7 45. Rd7+ Kf6 46. Rxa7 Ke5 47. Re7+ Kd6 48. Re3 Kc5 49. Rf3 Re5 50. Kf2 d4 51. g4 Re6 52. a3 Kd5 53. a4 Ke4 54. b4 Rc6 55. Rh3 Kd5 56. Ke2 Kc4 57. b5 Re6+ 58. Kd2 Kb4 59. Rh5 Rg6 60. Kd3 Kxa4 61. Kxd4 Rxg4+ 62. Kc3 Rg6 63. Kc4 Ka5 64. Kb3 Rg5 65. Rxh6 Kxb5 66. Rh4 Rg3+ 67. Kb2 Ka5 68. Re4 b5 69. Rh4 Rd3 70. Rg4 Kb6 71. Kc2 Rh3 72. Kb2 Kc5 73. Rg5+ Kb4 74. Rg4+ Ka5 75. Rf4 Rd3 76. Kc2 Ra3 77. Kb2 Rg3 78. Rh4 b4 79. Rh8 Kb5 1/2-1/2

[Event "Australian-ch 2018"]
[Site "Sydney"]
[Date "2018.01.06"]
[Round "6"]
[White "Leaver, Kyle"]
[Black "Kethro, Michael"]
[Result "1/2-1/2"]
[WhiteElo "1973"]
[BlackElo "2195"]
[Annotator "ChessBase"]
[PlyCount "124"]
[EventDate "2018.01.02"]
[EventType "tourn"]
[EventCountry "AUS"]
[SourceTitle "playchess.com"]
[Source "ChessBase"]
[SourceQuality "1"]
[TimeControl "40/5400+30:1800+30"]

1. d4 d5 2. c4 c6 3. Nf3 Nf6 4. Nc3 dxc4 5. a4 e6 6. e3 c5 7. Bxc4 Nc6 8. O-O cxd4 9. exd4 Be7 10. Re1 O-O 11. Bb3 Nb4 12. Ne5 b6 13. Bg5 Bb7 14. Qe2 Nfd5 15. Bd2 Bg5 16. Bxg5 Qxg5 17. Ne4 Qd8 18. g3 Rc8 19. Qh5 h6 20. Nc4 Rxc4 21. Bxc4 Nc2 22. Qe5 Nxa1 23. Rxa1 Nb4 24. Nd6 Bf3 25. Nxf7 Rxf7 26. Bxe6 Bd5 27. Bxf7+ Bxf7 28. Rd1 Qa8 29. Qf5 Qc6 30. a5 bxa5 31. Re1 Bd5 32. h4 a4 33. Kh2 Bf7 34. Re7 Qd5 35. Qxd5 Bxd5 36. Rxa7 Nd3 37. Rxa4 Nxb2 38. Ra5 Bf3 39. Rf5 Be4 40. Re5 Bf3 41. Rc5 Bg4 42. Rc2 Nd3 43. d5 Ne5 44. Rc3 Kf7 45. Kg2 h5 46. f3 Bf5 47. Kf2 Ke7 48. Ke3 g6 49. Kd4 Nd7 50. Rc6 Kf7 51. Rc3 Kf6 52. Re3 Bh3 53. d6 Be6 54. Re4 Kf7 55. Re1 Kf6 56. Ra1 Ne5 57. Ra3 Nd7 58. Ra8 Bh3 59. Re8 Be6 60. Re7 Ne5 61. Ke4 Nf7 62. Ra7 Nxd6+ 1/2-1/2

[Event "Australian-ch 2018"]
[Site "Sydney"]
[Date "2018.01.06"]
[Round "6"]
[White "Silver, Dmitri"]
[Black "Parle, Hughston"]
[Result "0-1"]
[WhiteElo "1905"]
[BlackElo "1961"]
[Annotator "NA"]
[PlyCount "70"]
[EventDate "2018.01.02"]
[EventType "tourn"]
[EventCountry "AUS"]
[SourceTitle "playchess.com"]
[Source "ChessBase"]
[SourceQuality "1"]
[TimeControl "40/5400+30:1800+30"]

1. e4 c5 2. Nf3 d6 3. d4 cxd4 4. Nxd4 Nf6 5. Nc3 a6 6. Bg5 e6 7. Qe2 Qc7 8. f4 b5 9. a3 Nbd7 10. O-O-O Be7 11. g4 h6 12. Bh4 g5 13. fxg5 hxg5 14. Bxg5 Rb8 15. Bg2 Ne5 16. h3 b4 17. axb4 Rxb4 18. Rhf1 Nd5 19. Nxd5 Bxg5+ 20. Nf4 Ng6 21. Kb1 Nxf4 22. Qd2 Rxd4 23. Qxd4 e5 24. Qf2 Be6 25. Rh1 Bh4 26. Qd2 Ke7 27. Bf1 Bg5 28. Qb4 Bxg4 29. Re1 Be6 30. Rg1 Rb8 31. Qa3 Bh4 32. Re3 Bf2 33. Rc3 Qb6 34. Rgg3 Bxg3 35. Rxg3 Qf2 0-1

[Event "Australian-ch 2018"]
[Site "Sydney"]
[Date "2018.01.08"]
[Round "7"]
[White "Ly, Moulthun"]
[Black "Illingworth, Max"]
[Result "1/2-1/2"]
[WhiteElo "2480"]
[BlackElo "2494"]
[PlyCount "38"]
[EventDate "2018.01.02"]
[EventType "tourn"]
[EventCountry "AUS"]

{[%evp 19,30,18,13,0,11,1,14,12,0,0,0,0,22]} 1. d4 Nf6 2. c4 e6 3. Nf3 d5 4. Nc3 c6 5. e3 Nbd7 6. Qc2 Bd6 7. Bd3 O-O 8. O-O dxc4 9. Bxc4 b5 10. Bd3 Bb7 {The position is equal.} 11. Ng5 {[%cal Rd3h7] D46: Semi-Slav: 5 e3 Nbd7 6 Bd3, Black avoids the Meran} (11. a3 Rc8 12. b4 a5 13. Rb1 c5 14. bxc5 Bxf3 15. gxf3 Nxc5 16. dxc5 Rxc5 17. Rxb5 Nd5 18. Rxc5 Qg5+ 19. Kh1 Qh5 20. f4 Qf3+ 21. Kg1 Qg4+ 22. Kh1 Qf3+ 23. Kg1 {½-½ (23) So,W (2770)-Giri,A (2782) Leuven 2016}) 11... h6 12. Nge4 Be7 13. Nxf6+ Nxf6 14. Ne4 Nxe4 15. Bxe4 Qc7 {Predecessor:} 16. b3 $146 Rac8 17. Bb2 c5 18. dxc5 Bxe4 19. Qxe4 Qxc5 {½-½ (50) Spano Cuomo,G (1804)-De Felice,M (1845) Salerno 2012} 1/2-1/2

[Event "Australian-ch 2018"]
[Site "Sydney"]
[Date "2018.01.08"]
[Round "7.2"]
[White "Smirnov, Anton"]
[Black "Cheng, Bobby"]
[Result "1/2-1/2"]
[WhiteElo "2527"]
[BlackElo "2504"]
[PlyCount "93"]
[EventDate "2018.01.02"]
[EventType "tourn"]
[EventCountry "AUS"]

{[%evp 21,93,32,34,0,0,-29,-33,-34,0,-4,-4,-11,-2,-54,0,0,8,8,27,6,26,14,50,0,0,0,-8,-3,8,17,24,22,7,0,6,8,137,138,160,152,159,123,117,-24,-44,-27,-31,-23,-19,-24,-27,-50,65,0,0,-40,-26,-38,-55,-64,0,0,0,0,0,0,0,0,0,0,0,0,0,0]} 1. e4 g6 2. d4 Bg7 3. Nc3 d6 4. f4 Nf6 5. Nf3 O-O 6. Bd3 Nc6 7. e5 dxe5 8. fxe5 Nh5 9. Be3 Bg4 10. Be2 f6 11. exf6 exf6 12. Qd2 {B09: Pirc Defence: Austrian Attack} (12. Qd3 {NOTEXT} Re8 13. O-O-O Kh8 14. a3 Ne7 15. Rhe1) 12... Ne7 13. Nh4 Bxe2 14. Qxe2 {[#] Black is slightly better.} f5 $146 (14... Nd5 $5 {[%cal Rd5e3]} 15. Qc4 c6 $11) ({Find the theoretical novelty and annotate with similar games:} 14... Nd5 15. Qc4 c6 16. O-O f5 17. Nf3 Qd6 18. Nxd5 cxd5 19. Qb3 Nf6 20. Ne5 Ne4 21. Qxb7 Rab8 22. Qxa7 Ra8 23. Qb7 Rab8 24. Qa7 Ra8 25. Qb7 Rab8 {½-½ (25) Kovacevic,A (2522)-Chatalbashev,B (2534) Hungary 2017}) 15. O-O-O Nf6 16. Bg5 Ned5 17. Bxf6 (17. Qc4 $11 Kh8 18. Kb1) 17... Nxf6 ({Don't play} 17... Qxf6 $6 18. Nxd5 Qxh4 19. g3 $11) (17... Bh6+ $15 18. Kb1 Nxc3+ 19. bxc3 Rxf6) 18. Nf3 Ng4 19. h3 Bh6+ 20. Kb1 Ne3 21. Rde1 (21. Rd3 $5 {[%cal Rd3e3]} f4 22. Ne5 $11) 21... f4 22. Nd1 {[%cal Rd1e3]} Qd5 $1 23. Nxe3 fxe3 24. Qd3 Rad8 25. Qb3 Kg7 26. Qxd5 Rxd5 27. c3 c5 28. dxc5 Rxf3 (28... Rxc5 $11 29. Rhf1 Rd5) 29. gxf3 $11 {[%mdl 4096] Endgame KRR-KRB} Rd2 30. a4 Kf6 31. a5 a6 {[#]} 32. b4 (32. h4 $1 $16) 32... e2 33. b5 axb5 {Hoping for ...Be3.} 34. c6 bxc6 35. a6 Be3 {White must now prevent ...Ke5.} 36. Kc1 Ra2+ {[%mdl 1024] Black has compensation.} 37. Kb1 Rd2 {Threatens to win with ...Kg5.} 38. Kc1 Kf5 {[#] Strongly threatening ...Kf4.} 39. a7 $1 {[%mdl 512]} Kf4 (39... Bxa7 40. Kxd2) 40. h4 h5 ({Black should play} 40... Rd8+ $1 $15 41. Kc2 Kxf3) 41. Rh2 {The position is equal.} Rd1+ 42. Kc2 Rxe1 43. a8=Q {Qb8+ is the strong threat.} Rc1+ 44. Kd3 $1 e1=Q {[%csl Ge1][%cal Rc1c3]} 45. Qb8+ Kf5 $1 {[%csl Ge1][%cal Rc1c3]} 46. Qf8+ Ke6 47. Qe8+ {Precision: White = 54%, Black = 44%.} 1/2-1/2